000
00328nam a2200133Ia 4500
008
190723s9999 xx 000 0 und d
020
_a
978-93-5014-052-9
100
_a
Satish Kumar
245
0
_a
Network Filters and Transmission
250
_a
2nd
260
_a
New Delhi
_b
Katson Books
_c
2015
300
_a
263:p
942
_c
BK
999
_c
1939
_d
1939